000 00619nam a2200205Ia 4500
003 GCL
008 140319s9999 xx 000 0 ara d
040 _aGCL /
_cGCL
082 0 4 _a840
_bم م
100 1 _aمصطفى فودة
245 1 0 _aمختارات من جى دى موباسان /
_cمصطفى فودة
700 1 _aمحمد حمود
700 1 _aمحمد حمودة
300 _a355 ص
490 _aالالف كتاب
_v0
650 0 4 _aالادب الفرنسى
650 0 4 _aالادب الفرنسى المترجم
650 0 4 _aالادب الفرنسى - تاريخ ونقد
942 _2ddc
_cBK
999 _c50171
_d50171